Современное цифровые преобразования экономики сферы услуг в сетевой розничной торговле продовольственными товарами на региональном уровне
Исследованы сущность и основные направления цифровых преобразований экономики сферы услуг в сетевой розничной торговле продовольственными товарами на региональном уровне. Проведена оценка результатов использования ритейл-технологий в системе товародвижения и выстраивания взаимоотношений с потребител...
Сохранить в:
| Главный автор: | |
|---|---|
| Формат: | Книга |
| Язык: | Russian |
| Опубликовано: |
Екатеринбург
УрГЭУ
2023
|
| Online-ссылка: | https://e.lanbook.com/book/417791 https://e.lanbook.com/img/cover/book/417791.jpg |
| Метки: |
Добавить метку
Нет меток, Требуется 1-ая метка записи!
|
| LEADER | 02534nam0a2200277 i 4500 | ||
|---|---|---|---|
| 001 | 417791 | ||
| 003 | RuSpLAN | ||
| 005 | 20240701125511.0 | ||
| 008 | 240701s2023 ru gs 000 0 rus | ||
| 020 | |a 978-5-9656-0335-0 | ||
| 040 | |a RuSpLAN | ||
| 041 | 0 | |a rus | |
| 044 | |a ru | ||
| 080 | |a 332.145 | ||
| 084 | |a 65.9(3) |2 rubbk | ||
| 245 | 0 | 0 | |a Современное цифровые преобразования экономики сферы услуг в сетевой розничной торговле продовольственными товарами на региональном уровне |c Антинескул Е. А. |
| 260 | |a Екатеринбург |b УрГЭУ |c 2023 | ||
| 300 | |a 167 с. | ||
| 504 | |a Библиогр.: доступна в карточке книги, на сайте ЭБС Лань | ||
| 520 | 8 | |a Исследованы сущность и основные направления цифровых преобразований экономики сферы услуг в сетевой розничной торговле продовольственными товарами на региональном уровне. Проведена оценка результатов использования ритейл-технологий в системе товародвижения и выстраивания взаимоотношений с потребителями посредством цифровых технологий. Предложены направления продвижения местных товаропроизводителей через региональный ритейл. Разработан алгоритм входа местных товаропроизводителей в сетевую розничную торговлю продовольственными товарами. Для научных работников, преподавателей и студентов высших учебных заведений, руководителей и специалистов в сфере сетевой розничной торговли продовольственными товарами, аспирантов. | |
| 521 | 8 | |a Книга из коллекции УрГЭУ - Экономика и менеджмент | |
| 521 | 8 | |a СЭБ | |
| 100 | 1 | |a Антинескул Е. А. | |
| 856 | 4 | |u https://e.lanbook.com/book/417791 | |
| 856 | 4 | 8 | |u https://e.lanbook.com/img/cover/book/417791.jpg |
| 953 | |a https://e.lanbook.com/img/cover/book/417791.jpg | ||